000 00461nam a2200157Ia 4500
005 20260121165316.0
008 260121s9999 xx 000 0 und d
041 _amar
082 _a398.2
100 _aसहस्रबुद्धे, अनिल
245 _aअहिनकुल
250 _a2
260 _bभारतीय विचार साधना पुणे
_c2018
300 _a246
650 _aमराठी साहित्य
999 _c370029
_d370029